Economic Report 1985/1986

Bibliographic Details
Corporate Author: Malaysia
Format: Book
Language:English
Published: Kuala Lumpur : Ministry of Finance Malaysia 1985
Subjects:

MARC

LEADER 00000cam a2200000 7i4500
001 0000026666
005 20241115.0
008 240424 my a eng
040 |a INS   |b eng   |e rda 
090 0 0 |a RHC445.5.Z7   |b .L299 1985 
245 0 0 |a Economic Report 1985/1986 
264 1 |a Kuala Lumpur :   |b Ministry of Finance Malaysia   |c 1985 
300 |a 1 v. (various pagings) :   |b colour illustrations ;   |c 30 cm. 
336 |a text  |2 rdacontent 
337 |a unmediated  |2 rdamedia 
338 |a volume  |2 rdacarrier 
651 0 |a Malaysia   |x Commerce   |x Statistics 
651 0 |a Malaysia   |x Economic conditions   |x Statistics 
710 2 |a Malaysia ,   |c Ministry of Finance 
999 |a SER0007522   |b BOOK   |c Red Spot   |e Default branch